000 00658nam a2200217 a 4500
005 20210219153240.0
008 991125n 000 0 spa u
035 _aUPN01000085735
100 1 _aVázquez, Elizabeth
222 _aGACETA UNIVERSIDAD VERACRUZANA
245 _aLicenciatura conjunta de inglés por Internet : punta de lanza para opciones educativas con soportes en las tecnologías actuales
300 _a32-33
362 0 _a2000 No. 36
653 0 _aENSEÑANZA
653 0 _aINGLES (LENGUA)
653 0 _aINTERNET
653 0 _aNUEVAS TECNOLOGIAS
653 0 _aUNIVERSIDAD VERACRUZANA
904 _aAC
_b023546
905 _aArticulo
999 _c72031
_d72031